Primer Encuentro Nacional sobre Desarrollo Urbano. Cuarto Centenario de Tegucigalpa /

Na minha lista:
Detalhes bibliográficos
Autores corporativos: Universidad Nacional Autónoma de Honduras, ed
Formato: Desconhecido
Publicado em: Tegucigalpa: Departamento Editorial de la UNAH
Tags: Adicionar Tag
Sem tags, seja o primeiro a adicionar uma tag!

MARC

LEADER 00000 a2200000 04500
001 15420
003
008 991231s d
040
090 |a 020608  
110 |a Universidad Nacional Autónoma de Honduras  
245 |a Primer Encuentro Nacional sobre Desarrollo Urbano. Cuarto Centenario de Tegucigalpa /  |c Universidad Nacional Autónoma de Honduras  
260 |a Tegucigalpa:   |b Departamento Editorial de la UNAH  
300 |a 257 p  
710 |a ed  
999 |c 13022  |d 13022